<?xml version="1.0" encoding="UTF-8"?>
<collection xmlns="http://www.loc.gov/MARC21/slim">
 <record>
  <leader>00830nam a2200253   4500</leader>
  <controlfield tag="001">000007463</controlfield>
  <controlfield tag="003">3625</controlfield>
  <controlfield tag="005">20150812140803.0</controlfield>
  <controlfield tag="008">111004s                               sd</controlfield>
  <datafield tag="041" ind1="0" ind2=" ">
   <subfield code="a">24000đ</subfield>
  </datafield>
  <datafield tag="082" ind1="1" ind2=" ">
   <subfield code="a">895.922.08</subfield>
   <subfield code="b">HÔ-M</subfield>
  </datafield>
  <datafield tag="100" ind1="0" ind2=" ">
   <subfield code="a">Hồ Chí Minh</subfield>
  </datafield>
  <datafield tag="245" ind1="0" ind2="0">
   <subfield code="a">Tuyển tập văn học</subfield>
   <subfield code="c">Hồ Chí Minh</subfield>
  </datafield>
  <datafield tag="774" ind1=" " ind2=" ">
   <subfield code="a">Hồ Chí Minh</subfield>
   <subfield code="d">Văn học</subfield>
   <subfield code="d">H.</subfield>
   <subfield code="d">1995</subfield>
   <subfield code="g">T.1</subfield>
   <subfield code="h">487 tr.</subfield>
   <subfield code="t">Truyện và ký</subfield>
   <subfield code="w">3628</subfield>
  </datafield>
  <datafield tag="774" ind1=" " ind2=" ">
   <subfield code="a">Hồ Chí Minh</subfield>
   <subfield code="d">Văn học</subfield>
   <subfield code="d">H.</subfield>
   <subfield code="d">1995</subfield>
   <subfield code="g">T.2</subfield>
   <subfield code="h">449 tr.</subfield>
   <subfield code="t">Văn hoá nghệ thuật là một mặt trận</subfield>
   <subfield code="w">3629</subfield>
  </datafield>
  <datafield tag="774" ind1=" " ind2=" ">
   <subfield code="a">Hồ Chí Minh</subfield>
   <subfield code="d">Văn học</subfield>
   <subfield code="d">H.</subfield>
   <subfield code="d">1995</subfield>
   <subfield code="g">T.3</subfield>
   <subfield code="h">559 tr.</subfield>
   <subfield code="t">Thơ</subfield>
   <subfield code="w">3630</subfield>
  </datafield>
  <datafield tag="OWN" ind1=" " ind2=" ">
   <subfield code="a">LSP</subfield>
  </datafield>
  <datafield tag="999" ind1=" " ind2=" ">
   <subfield code="a">From the UDN01</subfield>
  </datafield>
  <datafield tag="TYP" ind1=" " ind2=" ">
   <subfield code="a">Monograph</subfield>
  </datafield>
  <datafield tag="TYP" ind1=" " ind2=" ">
   <subfield code="a">Printed language</subfield>
  </datafield>
  <datafield tag="980" ind1=" " ind2=" ">
   <subfield code="a">Mạng thư viện Đại học Đà Nẵng</subfield>
  </datafield>
 </record>
</collection>
